<?xml version="1.0" encoding="UTF-8"?>
<record
    xmlns:xsi="http://www.w3.org/2001/XMLSchema-instance"
    xsi:schemaLocation="http://www.loc.gov/MARC21/slim http://www.loc.gov/standards/marcxml/schema/MARC21slim.xsd"
    xmlns="http://www.loc.gov/MARC21/slim">

  <leader>00575nam a2200217 a 4500</leader>
  <controlfield tag="001">158045</controlfield>
  <controlfield tag="003">OSt</controlfield>
  <controlfield tag="005">20211124152639.0</controlfield>
  <controlfield tag="008">200702                ###          ENG  </controlfield>
  <datafield tag="020" ind1=" " ind2=" ">
    <subfield code="a">9789353436926</subfield>
  </datafield>
  <datafield tag="082" ind1=" " ind2=" ">
    <subfield code="a">305.23</subfield>
    <subfield code="b">D35C</subfield>
  </datafield>
  <datafield tag="245" ind1=" " ind2=" ">
    <subfield code="a">Childhood to adolescence : issues and concerns</subfield>
    <subfield code="c">by Sibnath Deb...[et.al.]</subfield>
  </datafield>
  <datafield tag="260" ind1=" " ind2=" ">
    <subfield code="a">Noida</subfield>
    <subfield code="b">Pearson India Education</subfield>
    <subfield code="c">2020</subfield>
  </datafield>
  <datafield tag="300" ind1=" " ind2=" ">
    <subfield code="a">529p.</subfield>
  </datafield>
  <datafield tag="653" ind1=" " ind2=" ">
    <subfield code="a">Social Work</subfield>
  </datafield>
  <datafield tag="700" ind1=" " ind2=" ">
    <subfield code="a">Deb, Sibnath</subfield>
  </datafield>
  <datafield tag="700" ind1=" " ind2=" ">
    <subfield code="a">Bhadra, Subhasis</subfield>
  </datafield>
  <datafield tag="700" ind1=" " ind2=" ">
    <subfield code="a">Sunny, Aleena Maria</subfield>
  </datafield>
  <datafield tag="700" ind1=" " ind2=" ">
    <subfield code="a">Sahay, Seema</subfield>
  </datafield>
  <datafield tag="942" ind1=" " ind2=" ">
    <subfield code="2">ddc</subfield>
    <subfield code="c">BK</subfield>
  </datafield>
  <datafield tag="999" ind1=" " ind2=" ">
    <subfield code="c">20312</subfield>
    <subfield code="d">20312</subfield>
  </datafield>
  <datafield tag="952" ind1=" " ind2=" ">
    <subfield code="0">0</subfield>
    <subfield code="1">0</subfield>
    <subfield code="4">0</subfield>
    <subfield code="7">0</subfield>
    <subfield code="8">TXB</subfield>
    <subfield code="a">CURAJ</subfield>
    <subfield code="b">CURAJ</subfield>
    <subfield code="d">2020-07-02</subfield>
    <subfield code="e">SCW</subfield>
    <subfield code="l">4</subfield>
    <subfield code="o">305.23 D35C</subfield>
    <subfield code="p">32921</subfield>
    <subfield code="r">2023-02-21</subfield>
    <subfield code="s">2023-02-15</subfield>
    <subfield code="w">2020-09-02</subfield>
    <subfield code="y">BK</subfield>
  </datafield>
  <datafield tag="952" ind1=" " ind2=" ">
    <subfield code="0">0</subfield>
    <subfield code="1">0</subfield>
    <subfield code="4">0</subfield>
    <subfield code="7">0</subfield>
    <subfield code="8">TXB</subfield>
    <subfield code="a">CURAJ</subfield>
    <subfield code="b">CURAJ</subfield>
    <subfield code="d">2020-07-02</subfield>
    <subfield code="e">SCW</subfield>
    <subfield code="l">1</subfield>
    <subfield code="o">305.23 D35C</subfield>
    <subfield code="p">32920</subfield>
    <subfield code="r">2025-08-04</subfield>
    <subfield code="s">2021-12-08</subfield>
    <subfield code="w">2020-09-02</subfield>
    <subfield code="y">BK</subfield>
  </datafield>
</record>
